000 00953nam a2200277Ia 4500
003 OSt
005 20221005111245.0
006 a|||||r|||| 00| 0
007 ta
008 221004b |||||||| |||| 00| 0 hin d
020 _a8181431634 (hbk)
_c500
024 _a11834
037 _b332, 20/03/2014, Vani Prakashan
_cTextual
040 _aCRL
_cCRL
_bhin
041 _2hin
_ahin
082 _aO157,3N62w, 152P4;P8
100 _aनसरीन, तसलीमा
245 0 _aद्विखंडित
246 _aDvikhanḍita
250 _a7वॉं संस्करण
260 _aनई दिल्ली
_bवाणी प्रकाशन भारत
_c2008
300 _a533पृ0
_ccm.
650 _aबंगाली साहित्य
942 _hO157,3N62w, 152P4;P8
_cTEXL
_2cc
999 _c1021284
_d1021284